INTRODUCTORY VHDL (Record no. 5120)

MARC details
000 -LEADER
fixed length control field 00457nam a22001697a 4500
005 - DATE AND TIME OF LATEST TRANSACTION
control field 20210909151814.0
008 - FIXED-LENGTH DATA ELEMENTS--GENERAL INFORMATION
fixed length control field 160701b xxu||||| |||| 00| 0 eng d
020 ## - INTERNATIONAL STANDARD BOOK NUMBER
ISBN 81-7808-558-5
041 ## - LANGUAGE CODE
Language code of text/sound track or separate title eng
082 ## - DEWEY DECIMAL CLASSIFICATION NUMBER
Item number 20740
Classification number 003
100 ## - MAIN ENTRY--AUTHOR NAME
Personal name Valamanchilli, Sudhakar
245 ## - TITLE STATEMENT
Title INTRODUCTORY VHDL
Remainder of title (from simulation to synthesis)
Statement of responsibility, etc Sudhakar Yalamanchili
260 ## - PUBLICATION, DISTRIBUTION, ETC. (IMPRINT)
Name of publisher Pearson
Year of publication 2002
300 ## - PHYSICAL DESCRIPTION
Number of Pages 395
650 ## - SUBJECT ADDED ENTRY--TOPICAL TERM
Topical Term Diploma Engineering
942 ## - ADDED ENTRY ELEMENTS (KOHA)
Koha item type Books
Holdings
Lost status Damaged status Collection code Home library Current library Shelving location Date acquired Cost, normal purchase price Full call number Accession Number Koha item type
    Reference JRU Library   SHELF-30-C 01/07/2016 325.00 003 20740 Books
    CS/IT JRU Library JRU Library SHELF-50-F 01/07/2016 325.00 003 20741 Books